000 01446nam a2200241 i 4500
001 79157
003 BD-RjUL
005 20220112103227.0
008 220111s1955 ua ||| | ara d
035 _a(BD-RjUL)79157
040 _aUkOxU
_beng
_erda
_cUkOxU
041 _aara
082 _223
_a349.297
_bQAS 1955
100 1 _aQārī al-Harawī, ʿAlī ibn Sulṭān Muḥammad,
_d-1605 or 1606.
_9666
245 1 0 _aشرح ملا على بن سلطان محمد القارى الحنفي على الفقه الاكبر للإمام الأعظم أبى حنيفة النعمان بن ثابت الكوفي.;; Sharḥ al-Mullà ʻAlī ibn Sulṭān Muḥammad al-Qārī al-Ḥanafī ʻalà al-fiqh al-akbar lil-imām al-aʻẓam abī Ḥanīfah al-Nuʻmān ibn Thābit al-Kūfī./
_cتاليف علي بن سلطان محمد القاري ; لابي حنيفة النعمان
246 3 0 _aالفقه الأكبر ;; fiqh al-akbar
250 _aالطبعة الثانية.;; al-Ṭabʻah al-thāniyah.
264 1 _aمصر : ;; Miṣr :
_bشركة مكتبة ومطبعة مصطفى البابي الحلبي واولاده,;; Sharikat Maktabt wa-maṭbaʻat Muṣṭafà al-Bābī al-Ḥalabī,
_c1955.
300 _a200 pages ;
_c25 cm
650 0 _aIslamic law
_vEarly works to 1800.
_9667
880 1 _6264-04//r
_aمصر :
_bشركة مكتبة ومطبعة مصطفى البابي الحلبي واولاده,
_c1955.
942 _2ddc
_cBK
999 _c79157
_d79157